000 00538cam a2200205 i 4500
001 3684676
005 20180125091957.0
008 790425s1979 mau b 001 0 eng
010 _a 78070850
040 _aDLC
_cDLC
_dDLC
041 _aeng
080 _a301.44 van
082 0 0 _a301.44 van
100 1 _a50
101 _asoc
245 1 4 _aThe structure of social inequality /
_cBeth Ensminger Vanfossen.
504 _aBibliography: p. 389-413.
906 _a7
_bcbc
_corignew
_d2
_eopcn
_f19
_gy-gencatlg
942 _2ddc
_cBK
999 _c40982
_d40982